| 000 | 00637aam a2200265 4500 | ||
|---|---|---|---|
| 005 | 20250701165408.0 | ||
| 008 | 150724b1994 xxu||||| |||| 00| 0 spa d | ||
| 020 | _a9586014487 | ||
| 041 | _aESP | ||
| 082 | _a33.713 S594u | ||
| 100 | _aSimon Silver, Cheryl | ||
| 100 |
_aDeFries, Ruth _980795 |
||
| 245 | _aUna sola tierra, un solo futuro | ||
| 260 | _aColombia | ||
| 260 | _bTM Editores | ||
| 260 | _c1992 | ||
| 300 | _a265 páginas | ||
| 490 | _aTurismo | ||
| 650 | _aECOLOGÍA | ||
| 650 | _aPROTECCIÓN DEL MEDIO AMBIENTE | ||
| 650 | _aCAPA DE OZONO | ||
| 650 | _aOCÉANOS | ||
| 650 | _aBOSQUES | ||
| 942 |
_cBK _2ddc |
||
| 999 |
_c363 _d363 |
||